Memoria. Análisis de la reproducción capitalista y las políticas económicas: incidencia, conflictos y respuestas del movimiento obrero /
Salvato in:
| Enti autori: | , |
|---|---|
| Natura: | testo |
| Pubblicazione: |
Cuenca:
Instituto de Investigaciones Sociales
|
| Soggetti: | |
| Tags: |
Aggiungi Tag
Nessun Tag, puoi essere il primo ad aggiungerne!!
|
MARC
| LEADER | 00000 a a2200000 04500 | ||
|---|---|---|---|
| 001 | 32168 | ||
| 003 | |||
| 040 | |||
| 090 | |a 201300 | ||
| 110 | |a Universidad de Cuenca. Instituto de Investigaciones Sociales | ||
| 245 | |a Memoria. Análisis de la reproducción capitalista y las políticas económicas: incidencia, conflictos y respuestas del movimiento obrero / |c Universidad de Cuenca. Instituto de Investigaciones Sociales | ||
| 260 | |a Cuenca: |b Instituto de Investigaciones Sociales | ||
| 300 | |a 170 p.; 2 vol | ||
| 650 | |a ORGANIZACIONES DE TRABAJADORES | ||
| 650 | |a INVESTIGACION SOCIAL | ||
| 650 | |a TEORIA ECONOMICA | ||
| 650 | |a METODOLOGIA | ||
| 650 | |a MARXISMO | ||
| 650 | |a AMERICA LATINA | ||
| 710 | |a IDIS | ||
| 999 | |c 12405 |d 12405 | ||
